000 00309nam a22001337a 4500
008 180913b xxu||||| |||| 00| 0 eng d
020 _a9780137179435
041 _aeng
080 _25 ED
_a338
100 _a54
101 _aMAN
245 _aProduction Operations Mangement
_cAdam.E,E
942 _2udc
_cBK
999 _c47742
_d47742